<?xml version="1.0" encoding="UTF-8"?><?xml-stylesheet type="text/xsl" href="static/style.xsl"?><OAI-PMH xmlns="http://www.openarchives.org/OAI/2.0/" xmlns:xsi="http://www.w3.org/2001/XMLSchema-instance" xsi:schemaLocation="http://www.openarchives.org/OAI/2.0/ http://www.openarchives.org/OAI/2.0/OAI-PMH.xsd"><responseDate>2026-06-29T02:34:18Z</responseDate><request verb="GetRecord" identifier="oai:docta.ucm.es:20.500.14352/106758" metadataPrefix="marc">https://docta.ucm.es/rest/oai/request</request><GetRecord><record><header><identifier>oai:docta.ucm.es:20.500.14352/106758</identifier><datestamp>2025-03-18T15:43:16Z</datestamp><setSpec>com_20.500.14352_14</setSpec><setSpec>col_20.500.14352_15</setSpec></header><metadata><record xmlns="http://www.loc.gov/MARC21/slim" xmlns:dcterms="http://purl.org/dc/terms/" xmlns:xsi="http://www.w3.org/2001/XMLSchema-instance" xmlns:doc="http://www.lyncode.com/xoai" xsi:schemaLocation="http://www.loc.gov/MARC21/slim http://www.loc.gov/standards/marcxml/schema/MARC21slim.xsd">
   <leader>00925njm 22002777a 4500</leader>
   <datafield ind2=" " ind1=" " tag="042">
      <subfield code="a">dc</subfield>
   </datafield>
   <datafield ind2=" " ind1=" " tag="720">
      <subfield code="a">Correoso Ródenas, José Manuel</subfield>
      <subfield code="e">author</subfield>
   </datafield>
   <datafield ind2=" " ind1=" " tag="260">
      <subfield code="c">2023-12-18</subfield>
   </datafield>
   <datafield ind2=" " ind1=" " tag="520">
      <subfield code="a">RESUMEN: En 1947, la escritora estadounidense Flannery O’Connor escribía la última entrada de su diario afirmando que se abandonaría a pensamientos eróticos. En 1952, publicaba su primera novela, «Wise Blood», un fresco de la religiosidad norteamericana de la posguerra. Su condición de católica en el Sur profundo (mayoritariamente protestante), la hacían una conocedora magistral de distintas realidades de la confesión cristiana. Esta novela, a través de la(s) experiencia(s) traumática(s) de su protagonista Hazel Motes, ofrece un continuo de proyección de dogmas e ideas cristianas. Asimismo, su relación con Sabbath Lily Hawks da al lector la oportunidad de enfrentarse a la transgresión sexual de algunos de los misterios cristianos más icónicos, como pueden ser la Natividad, el Infierno o la Redención.</subfield>
   </datafield>
   <datafield ind2=" " ind1=" " tag="520">
      <subfield code="a">ABSTRACT: In 1947, US writer Flannery O’Connor wrote the last entry of her journal asserting that she would be abandoned to erotic thoughts. In 1952 she would publish her first novel, “Wise Blood”, a portrait of post-World War II American religiosity. Her condition of being a devout Roman Catholic in the Deep South (with a Protestant social majority) made her a great “connoisseur” of the different versions of the Christian faith. This novel, through the traumatic experience(s) of the starring character Hazel Motes, offers a never-ending projection of Christian ideas and dogmas. Besides this, Motes’s relationship with Sabbath Lily Hawks also allows the reader the opportunity of transgressing, “via” sexuality, some of the most sacred Christian mysteries, such as Nativity, the Afterlife, or Redemption.</subfield>
   </datafield>
   <datafield ind1="8" ind2=" " tag="024">
      <subfield code="a">Correoso Rodenas, José Manuel. «Confluencias erótico-religiosas en “Wise Blood”». Epos : Revista de filología, n.º 39, diciembre de 2023, pp. 81-95, https://revistas.uned.es/index.php/EPOS/article/view/36818.</subfield>
   </datafield>
   <datafield ind1="8" ind2=" " tag="024">
      <subfield code="a">0213-201X</subfield>
   </datafield>
   <datafield ind1="8" ind2=" " tag="024">
      <subfield code="a">https://hdl.handle.net/20.500.14352/106758</subfield>
   </datafield>
   <datafield ind1="8" ind2=" " tag="024">
      <subfield code="a">2255-3495</subfield>
   </datafield>
   <datafield ind1="8" ind2=" " tag="024">
      <subfield code="a">https://revistas.uned.es/index.php/EPOS/article/view/36818</subfield>
   </datafield>
   <datafield ind1="8" ind2=" " tag="024">
      <subfield code="a">https://revistas.uned.es/index.php/EPOS/index</subfield>
   </datafield>
   <datafield ind1="8" ind2=" " tag="024">
      <subfield code="a">https://revistas.uned.es/</subfield>
   </datafield>
   <datafield ind2="0" ind1="0" tag="245">
      <subfield code="a">Confluencias erótico-religiosas en "Wise Blood"</subfield>
   </datafield>
</record></metadata></record></GetRecord></OAI-PMH>